00589 2200229 4500001002100000005001500021035002000036245005500056100002700111250000600138300003500144260003900179082000800218084001400226020001800240650001600258990001700274990001700291990001700308990001700325990001700342INLIS00000000000019420180911111036 a0010-09180000481 aBerkreasi dengan Kalimat /cM.G.Hesti Puji Rastuti0 aM.G.Hesti Puji Rastuti a- aiv, 68 hlm. :bilus. ;c21 cm. aKlaten :bPT Intan Pariwara,c2009 a415 a415 HES b a979-28-0232-0 aTata Bahasa a00828/P/2018 a00829/P/2018 a00830/P/2018 a00831/P/2018 a00832/P/2018